00400nam a2200109Ia 4500008004100000020001800041100002100059245015000080250001100230260003500241300001400276180116s9999 xx 000 0 und d a9780702070297 aWatson, David G. cDavid G. Watson, RuAngelie Edrada-Ebel, Bhavik A. PatelaPharmaceutical Analysis :ba texbook for pharmacy students and pharmaceutical chemists / a4th ed aEdinburghbElsevier lmt.c2017 a461 pages